000 00734nam a2200241Ia 4500
003 OSt
005 20220923224330.0
006 a|||||r|||| 00| 0
007 ta
008 Pun
024 _a231,344
037 _cTextual
040 _aARTS
_cARTS
_bPun
041 _2Pun
_aPun
082 _aO153:g, M9
100 _aਮੰਧੂ, ਗੁਰਪਾਲ ਮਿੰਘ
245 0 _aਭਾFਾ ਵਿਗਿਆਨ ਅਤੇ ਸਾਹਿਤ Fਾਮਤਰ
260 _aਸਰਹੰਦ
_b ਲੋਕਗੀਤ ਪ੍ਰਕਾFਨ
_c1989
300 _a104ਪੰ
_ccm.
650 _aਪੰਜਾਬੀ ਸਾਹਿਤ
942 _hO153:g, M9
_cTEXL
_2CC
999 _c370729
_d370729